| 000 | 00721nam a22002297a 4500 | ||
|---|---|---|---|
| 003 | UA-OsUOA | ||
| 001 | 21743 | ||
| 007 | ta | ||
| 008 | 20031213b un ||||| |||| 00| 0 ukr d | ||
| 090 |
_a006 _bС77 |
||
| 942 | _cBK | ||
| 040 |
_aUA-OsUOA _brus _cUA-OsUOA _dUA-OsUOA |
||
| 245 |
_aСтандарты по издательскому делу _bСправочно-документальное пособие _cРед. Н.Н.Грузинская Б.А.СеменовкерСост. А.А.Джиго Л.Н.Киян Б.А.Семеновкер |
||
| 300 | _a416 с. | ||
| 955 | _a0 | ||
| 041 | _arus | ||
| 080 | _a006 | ||
| 260 |
_aМосква _bКнига _c1982 |
||
| 044 | _aRU | ||
| 650 | 7 | _2UDC | |
| 999 |
_c307950 _d307950 |
||